| 000 | 00769npc a2200205Ia 4500 | ||
|---|---|---|---|
| 001 | dp6-472 [d000000378] | ||
| 003 | IT-MiCISF | ||
| 008 | 161014s9999||||xx | und|| | ||
| 040 |
_aIT-MiCISF _cIT-MiCISF |
||
| 041 | _ait | ||
| 100 | _aBernardini Eugenio (a cura di) | ||
| 245 | 0 |
_aUna parola per due _bPreparazione alla vita di coppia |
|
| 250 | _a1a ed. | ||
| 260 |
_a Torino _bClaudiana _c1990 [Edizione originale: 1986] |
||
| 300 | _ap. 48 | ||
| 500 | _apubblicato per la prima volta nel 1986 dalla Commissione sul matrimonio della Chiesa riformata di Francia / coppia, relazione-di-coppia, bibbia, chiesa, sessualità, rapporti-genitori-figli, matrimonio, celebrazione-matrimonio / | ||
| 650 | _acoppia | ||
| 942 | _cDD | ||
| 957 | _71 | ||
| 999 |
_a472 _bsi _g1 _c206366 _d206366 |
||